Tư tưởng Hồ Chí Minh : ngọn cờ dẫn đến thắng lợi của cuộc kháng chiến chống Mỹ cứu nước

Cuốn sách là sự cô đọng lại cuộc kháng chiến chống đế quốc Mỹ xâm lược của nhân dân ta dưới sự chỉ đạo của Đảng và Chủ tịch Hồ Chí Minh. Đặc biệt cuốn sách còn cung cấp một khối lượng lớn những bức thư, trả lời thư, điện, phỏn...

Szczegółowa specyfikacja

Zapisane w:
Opis bibliograficzny
1. autor: Nguyễn, Bá Linh
Format: Książka
Język:Undetermined
Wydane: Hà Nội Công an nhân dân 2005
Etykiety: Dodaj etykietę
Nie ma etykietki, Dołącz pierwszą etykiete!
Thư viện lưu trữ: Trung tâm Học liệu Trường Đại học Cần Thơ
LEADER 01430nam a2200205Ia 4500
001 CTU_123004
008 210402s9999 xx 000 0 und d
020 |c 34500 
082 |a 335.4346 
082 |b L312 
100 |a Nguyễn, Bá Linh 
245 0 |a Tư tưởng Hồ Chí Minh : 
245 0 |b ngọn cờ dẫn đến thắng lợi của cuộc kháng chiến chống Mỹ cứu nước 
245 0 |c Nguyễn Bá Linh 
260 |a Hà Nội 
260 |b Công an nhân dân 
260 |c 2005 
520 |a Cuốn sách là sự cô đọng lại cuộc kháng chiến chống đế quốc Mỹ xâm lược của nhân dân ta dưới sự chỉ đạo của Đảng và Chủ tịch Hồ Chí Minh. Đặc biệt cuốn sách còn cung cấp một khối lượng lớn những bức thư, trả lời thư, điện, phỏng vấn của Hồ Chủ tịch gửi cho các đời tổng thống Mỹ, Chính phủ Mỹ và nhân dân Mỹ, thể hiện khát khao hoà bình cũng như quyết tâm đấu tranh giành độc lập, xây dựng một xã hội công bằng, dân chủ, giàu mạnh của Chủ tịch Hồ Chí Minh của như của toàn dân ta 
904 |i Hiếu, Huỳnh Mai 
980 |a Trung tâm Học liệu Trường Đại học Cần Thơ